00429 a2200133 450000500170000002000180001708200190003510000210005424500470007525000120012226000350013430000310016985600950020020250625134423.0 a0-13-090757-X aLM 620.103 HIB aHIBBELER, R. C.  aEngineering Mechanics: Dynamics Study Pack a7th Ed. aLondon,bPrentice Hall,c2001. a110p.: ill.bIndex.c24cm. yAccess Books OnlinefEngineering Mechanics: Dynamics Study Packdwww.prenhall.com/hibbeler